Instructor's Manual to accompany The Marketing Game/ (Record no. 205)
[ view plain ]
| 000 -LEADER | |
|---|---|
| fixed length control field | 00612nac a22001811u 4500 |
| 008 - FIXED-LENGTH DATA ELEMENTS--GENERAL INFORMATION | |
| fixed length control field | 101011s2002 mau|||||r|||| 00| 0 eng d |
| 020 ## - INTERNATIONAL STANDARD BOOK NUMBER | |
| International Standard Book Number | 025613989X |
| 082 ## - DEWEY DECIMAL CLASSIFICATION NUMBER | |
| Classification number | 658.802 |
| Item number | MAS TR |
| Edition number | 22 |
| 100 ## - MAIN ENTRY--PERSONAL NAME | |
| Personal name | Mason, Charlotte H. |
| 9 (RLIN) | 20266 |
| 245 ## - TITLE STATEMENT | |
| Title | Instructor's Manual to accompany The Marketing Game/ |
| Statement of responsibility, etc | Charlotte H. Mason, William D. Perreault, Jr. |
| 250 ## - EDITION STATEMENT | |
| Edition statement | 3rd ed. |
| 260 ## - PUBLICATION, DISTRIBUTION, ETC. (IMPRINT) | |
| Place of publication, distribution, etc | Boston |
| Name of publisher, distributor, etc | McGraw-Hill |
| Date of publication, distribution, etc | 2002 |
| 300 ## - PHYSICAL DESCRIPTION | |
| Extent | 271 p. ; |
| Dimensions | 27 cm. |
| 650 ## - SUBJECT ADDED ENTRY--TOPICAL TERM | |
| Topical term or geographic name as entry element | Marketing |
| General subdivision | Decision making. |
| 9 (RLIN) | 20267 |
| 650 ## - SUBJECT ADDED ENTRY--TOPICAL TERM | |
| Topical term or geographic name as entry element | Management games. |
| 9 (RLIN) | 20268 |
| 700 ## - ADDED ENTRY--PERSONAL NAME | |
| Relator code | Perreault, William D. |
| 9 (RLIN) | 20269 |
| 942 ## - ADDED ENTRY ELEMENTS (KOHA) | |
| Item type | Book - Borrowing |
| Call number prefix | 658.802 MAS TR |
| Source of classification or shelving scheme | Dewey Decimal Classification |
| Withdrawn status | Item status | Source of classification or shelving scheme | Damaged status | Not for loan | Vendor | Home library | Current library | Shelving location | Date acquired | Source of acquisition | Cost, normal purchase price | Total Checkouts | Full call number | Barcode | Date last seen | Date last borrowed | Cost, replacement price | Koha item type |
|---|---|---|---|---|---|---|---|---|---|---|---|---|---|---|---|---|---|---|
| Dewey Decimal Classification | Central Library | Central Library | First floor | 11/10/2010 | Purchase | 240.00 | 5 | 658.802 MAS | 000004521 | 15/07/2025 | 29/09/2015 | 300.00 | Book - Teacher Resource | |||||
| Dewey Decimal Classification | Central Library | Central Library | First floor | 11/10/2010 | Purchase | 240.00 | 658.802 MAS | 000022364 | 24/08/2022 | 300.00 | CD | DVD - With Teacher Resource |